01004cam a22002173a 450000100060000000300060000600500170001200800410002904000150007004200070008505000070009210000210009924500940012026000290021450504030024350600300064651600200067665300190069683000290071585600420074432277PGUSA20140828083711.0100506s2010||||xxu|||||s|||||000 p eng d aPGUSAbeng adc 4aPR1 aParkerson, James10aCharacters from Life; Or, Moral Hints. In Verseh[electronic resource] /cJames Parkerson bProject Gutenberg,c20100 aAdmonitions to the dissipated -- On viewing the cattle market on the castle hill -- The lion and the orange grove -- The convict's farewell -- Advice, &c. -- An address to a man of the world -- Serious reflections -- An address to Calista, taken from life -- A dierge to the memory of Princess Charlotte -- To the memory of an affectionate parent -- Albert to Hannah -- On the death of Lord Nelson. aPublic domain in the USA. aElectronic text aEnglish poetry 0aProject Gutenbergv3227740uhttp://www.gutenberg.org/ebooks/32277